INCOME TAX (Record no. 9213)
[ view plain ]
| 000 -LEADER | |
|---|---|
| fixed length control field | 00619nam a22001697a 4500 |
| 003 - CONTROL NUMBER IDENTIFIER | |
| control field | SGT |
| 020 ## - INTERNATIONAL STANDARD BOOK NUMBER | |
| International Standard Book Number | 9789351730606 |
| 082 ## - DEWEY DECIMAL CLASSIFICATION NUMBER | |
| Classification number | 336MEH |
| 100 ## - MAIN ENTRY--PERSONAL NAME | |
| Personal name | MEHROTRA,H.C. |
| 245 ## - TITLE STATEMENT | |
| Title | INCOME TAX |
| 250 ## - EDITION STATEMENT | |
| Edition statement | 56TH |
| 260 ## - PUBLICATION, DISTRIBUTION, ETC. (IMPRINT) | |
| Place of publication, distribution, etc | NEW DELHI |
| Name of publisher, distributor, etc | SAHITYA BHAWAN PUBLICATION |
| Year of Publication | 2015-16 |
| 300 ## - PAGE DESCRIPTION | |
| No. of Pages | 620 |
| 650 ## - SUBJECT ADDED ENTRY--TOPICAL TERM | |
| Topical term or geographic name as entry element | PUBLIC FINANCE |
| 653 ## - KEYWORDS--INDEX TERM | |
| Keyword term | IN COME TAX : AN INTRODUCTION AND IMPORTANT DEFINITIONS,AGRICULTURAL INCOME,SET-OFF AND CARRY FORWARD OF LOSSES,DEDUCTIONS FROM GROSS TOTAL INCOME,COMPUTATION OF TOTAL INCOME OF INDIVIDUALS,COMPUTATION OF TAX LIBRARY OF INDIVIDUALS,REBATE AND RELIEF OF TAX |
| 942 ## - ADDED ENTRY ELEMENTS (KOHA) | |
| Source of classification or shelving scheme | Dewey Decimal Classification |
| Koha item type | FCM Books |
| 942 ## - ADDED ENTRY ELEMENTS (KOHA) | |
| -- | 25 |
| Withdrawn status | Lost status | Source of classification or shelving scheme | Damaged status | Not for loan | Collection code | Home library | Current library | Shelving location | Date acquired | Vendor Name | Cost, normal purchase price | SGTU | Bill Number | Total Checkouts | Full call number | Accession No. (Barcode) | Date last seen | Date last borrowed | Bill Date | Koha item type |
|---|---|---|---|---|---|---|---|---|---|---|---|---|---|---|---|---|---|---|---|---|
| Dewey Decimal Classification | COMMERCE MANAGEMENT | SGT Science & Social Sciences Library | SGT Science & Social Sciences Library | Text Book | 23/06/2016 | KRITI PRAKASHAN | 475.00 | SGTU | 2948 | 36 | 336,MEH | CM988 | 08/01/2025 | 28/12/2024 | 19/09/2015 | FCM Books | ||||
| Dewey Decimal Classification | COMMERCE MANAGEMENT | SGT Science & Social Sciences Library | SGT Science & Social Sciences Library | Text Book | 23/06/2016 | KRITI PRAKASHAN | 475.00 | SGTU | 2948 | 25 | 336,MEH | CM989 | 02/01/2024 | 28/10/2023 | 19/09/2015 | FCM Books | ||||
| Dewey Decimal Classification | Not For Loan | COMMERCE MANAGEMENT | SGT Science & Social Sciences Library | SGT Science & Social Sciences Library | Reference Book | 23/06/2016 | KRITI PRAKASHAN | 475.00 | SGTU | 2948 | 336,MEH | CM990 | 23/06/2016 | 19/09/2015 | FCM Books |